Easy On Me - Adele (All Lyrics) - Statistics

General Stats
  • This quiz has been taken 994 times
  • The average score is 163 of 208
Answer Stats
Easy On Me % Correct
easy
98%
Chorus Go
98%
go
98%
I
98%
me
98%
on
98%
a
97%
the
94%
Baby
91%
baby
91%
to
91%
was
90%
child
87%
no
87%
Didn't
85%
didn't
85%
So
85%
so
85%
who
85%
get
84%
in
84%
still
84%
chance
83%
do
83%
Feel
82%
what
82%
around
81%
world
79%
had
78%
Had
78%
Verse 1 | Verse 2 There
78%
there
78%
this
78%
my
77%
time
77%
for
75%
is
73%
But
72%
choose
71%
know
71%
river
71%
That
71%
You
71%
you
71%
I've
70%
ain't
69%
been
68%
can't
68%
chose
68%
forever
67%
let
67%
When
67%
hope
65%
gold
64%
am
63%
hands
63%
washin'
63%
we
62%
have
59%
drowning
58%
now
58%
change
57%
how
57%
myself
57%
these
56%
silence
55%
waters
55%
are
54%
bring
54%
up
54%
And
52%
give
52%
hard
52%
swim
52%
tried
52%
both
51%
our
51%
deny
50%
good
49%
It
49%
things
49%
put
47%
first
46%
stuck
46%
ways
45%
deeply
44%
intentions
42%
room
42%
changed
40%
even
38%
show
36%
doesn't
34%
probably
33%
highest
32%
hopes
31%
right
29%
No matching quizzes found
Score Distribution
Percent of People with Each Score
Percentile by Number Answered
Your Score History
You have not taken this quiz